[Event "31st Benasque Open"]
[Site "Benasque ESP"]
[Date "2011.07.14"]
[Round "8"]
[White "Komljenovic,D"]
[Black "Berczes,D"]
[Result "1/2-1/2"]
[WhiteElo "2446"]
[BlackElo "2550"]

1.d4 d5 2.c4 c6 3.Nf3 Nf6 4.Nc3 e6 5.e3 Nbd7 6.Qc2 Bd6 7.Be2 dxc4 8.Bxc4 O-O
9.O-O a6 10.a3 c5 11.dxc5 Nxc5 12.b4 Ncd7 13.Bb2 b5 14.Bb3 Bb7 15.Rfd1 Qb8
16.h3 Bxf3 17.gxf3 Ne5 18.f4 Nf3+ 19.Kf1 Be7 20.Ne4 Rc8 21.Qe2 Nh2+ 22.Kg2 Nxe4
23.Kxh2 Bf6 24.Bxf6 Nxf6 25.Qf3 Rc3 26.Rab1 g6 27.Rd4 Kg7 28.a4 Ra7 29.Kg2 bxa4
30.Bxa4 Rb7 31.Qe2  1/2-1/2

[Event "5th LCT Open A"]
[Site "Leiden NED"]
[Date "2011.07.14"]
[Round "6"]
[White "Deepan,C"]
[Black "Howell,D"]
[Result "1/2-1/2"]
[WhiteElo "2470"]
[BlackElo "2625"]

1.d4 d5 2.Nf3 Nf6 3.c4 c6 4.Nc3 e6 5.e3 Nbd7 6.Qc2 a6 7.Bd2 dxc4 8.a4 c5
9.Bxc4 cxd4 10.Nxd4 Bd6 11.Be2 O-O 12.Rc1 Ne5 13.O-O Bd7 14.Ne4 Rc8 15.Nxf6+ Qxf6
16.Qb3 Rb8 17.Bc3 Qe7  1/2-1/2

[Event "ch-Central Serbia Int Open A"]
[Site "Paracin SRB"]
[Date "2011.07.14"]
[Round "8.41"]
[White "Milovanovic,Srb"]
[Black "Elez,S"]
[Result "1-0"]
[WhiteElo "2196"]
[BlackElo "2149"]

1.d4 d5 2.c4 c6 3.Nf3 Nf6 4.e3 e6 5.Nc3 Nbd7 6.Bd3 Bd6 7.e4 dxc4 8.Bxc4 e5
9.dxe5 Nxe5 10.Nxe5 Bxe5 11.Qxd8+ Kxd8 12.f3 Ke7 13.Be3 Be6 14.Bxe6 Kxe6
15.Ke2 Rhd8 16.h3 Bd4 17.Rhd1 Bxe3 18.Kxe3 Rd7 19.f4 Rad8 20.g4 Rxd1 21.Rxd1 Rxd1
22.Nxd1 h6 23.Nf2 Nd7 24.Nd3 Kd6 25.h4 c5 26.b3 b5 27.g5 c4 28.gxh6 gxh6
29.bxc4 bxc4 30.Nf2 Kc5 31.Ng4 h5 32.Nh6 f6 33.Nf5 Kb4 34.Ng3 Kc3 35.Nxh5 Kb2
36.Ng3 Kxa2 37.h5 a5 38.h6 Nf8 39.Kd4 Kb3 40.Ne2 a4 41.Nc1+ Kb2 42.Kxc4 Kxc1
43.Kb4 Kd2 44.e5 Ng6 45.h7  1-0

[Event "Open ch-SVK A"]
[Site "Banska Stiavnica SVK"]
[Date "2011.07.15"]
[Round "7"]
[White "Bombek,P"]
[Black "Mazur,Ste"]
[Result "0-1"]
[WhiteElo "2186"]
[BlackElo "2386"]

1.d4 d5 2.Nf3 Nf6 3.c4 c6 4.Nc3 e6 5.e3 Nbd7 6.Qc2 Bd6 7.Bd3 O-O 8.O-O dxc4
9.Bxc4 a6 10.a4 Qc7 11.Rd1 e5 12.h3 h6 13.b3 Re8 14.dxe5 Nxe5 15.Nxe5 Bxe5
16.Bb2 Be6 17.Bxe6 Rxe6 18.Rd3 Rd8 19.Rad1 Red6 20.f4 Rxd3 21.Rxd3 Bd6 22.Qd1 Be7
23.Rxd8+ Bxd8 24.Qd4 Qe7 25.Ba3 Qe8 26.e4 Ba5 27.Bb4 Bxb4 28.Qxb4 Qd7 29.e5 Nd5
30.Nxd5 cxd5 31.Kf2 Qc6 32.g4 Qc2+ 33.Ke3 Qg2 34.Kd4 Qe4+ 35.Kc5 b6+ 36.Qxb6 Qe3+
37.Kc6 Qxb6+ 38.Kxb6 d4 39.b4 d3 40.Kxa6 d2 41.b5 d1=Q 42.a5 Qd8 43.b6 Qa8+
44.Kb5 Kf8 45.a6 Qd5+ 46.Kb4 Qc6 47.b7 Qb6+ 48.Kc3 Ke7 49.f5 Kd7  0-1

[Event "Open ch-SVK A"]
[Site "Banska Stiavnica SVK"]
[Date "2011.07.15"]
[Round "7"]
[White "Ftacnik,L"]
[Black "Markos,J"]
[Result "1/2-1/2"]
[WhiteElo "2556"]
[BlackElo "2585"]

1.c4 Nf6 2.Nf3 e6 3.Nc3 d5 4.d4 c6 5.e3 a6 6.b3 Bb4 7.Bd2 Bd6 8.Bd3 c5 9.cxd5 exd5
10.dxc5 Bxc5 11.Nd4 O-O 12.Rc1 Bxd4 13.exd4 Bg4 14.f3 Re8+ 15.Ne2 Bh5 16.O-O Bg6  1/2-1/2

[Event "31st Benasque Open"]
[Site "Benasque ESP"]
[Date "2011.07.15"]
[Round "9"]
[White "Berczes,D"]
[Black "Esserman,M"]
[Result "1/2-1/2"]
[WhiteElo "2550"]
[BlackElo "2453"]

1.d4 Nf6 2.c4 c6 3.Nc3 d5 4.e3 e6 5.Nf3 Nbd7 6.Bd3 dxc4 7.Bxc4 b5 8.Bd3 Bd6
9.O-O O-O 10.b3 Bb7 11.Bb2 a6 12.a4 b4 13.Ne4 Nxe4 14.Bxe4 Nf6 15.Bd3 c5
16.dxc5 Bxc5 17.Rc1 Bd6 18.Qc2 h6 19.e4 Qa5 20.Qe2 Bf4 21.Rcd1 Qh5 22.g3 Bd6
23.Bxf6 gxf6 24.Nd2 Qxe2 25.Bxe2 Bc5 26.Kg2 Rfd8 27.f3 a5 28.Bb5 Bb6 29.Nc4 Bc7
30.Kf2 Kf8 31.Ke2 Ke7 32.Nb2 Be5 33.Nc4 Bc7 34.Rc1 Rd4 35.Rfd1 Rad8 36.Rxd4 Rxd4
37.Rc2 Rd8 38.Ne3 Bb6 39.Nc4 Bc7 40.Ne3 Bb6 41.Ng4 h5 42.Ne3 h4 43.gxh4 Rh8
44.Rd2 Bc8 45.Rc2 Bb7 46.Rd2 Bc8 47.Rc2 Kd8 48.Rd2+ Ke7 49.Rc2  1/2-1/2

[Event "10th Condom Open A"]
[Site "Condom FRA"]
[Date "2011.07.15"]
[Round "8.10"]
[White "Dargagnon,R"]
[Black "Michiels,R"]
[Result "0-1"]
[WhiteElo "2041"]
[BlackElo "2283"]

1.d4 Nf6 2.Nf3 d5 3.c4 c6 4.Nc3 e6 5.e3 Be7 6.Bd3 Nbd7 7.O-O O-O 8.Qe2 dxc4
9.Bxc4 b5 10.Bd3 b4 11.Ne4 Qb6 12.Nxf6+ Bxf6 13.Bd2 Re8 14.Rac1 a5 15.Rfe1 e5
16.dxe5 Nxe5 17.Nxe5 Bxe5 18.Rc2 Bb7 19.Qh5 g6 20.Qg5 Rad8 21.Bc4 c5 22.Rec1 Be4
23.f3 Bxc2 24.Rxc2 Kg7 25.f4 Bf6 26.Qg4 Re4 27.Qe2 Qd6 28.b3 Rde8 29.g3 Bd4
30.Kf2 Qe7 31.Bd5 Bxe3+ 32.Kf3 Rd4 33.Bxe3 Rxd5 34.Rc1 Qe4+ 35.Kf2 Rd3 36.Re1 Qd5
37.Qb2+ f6 38.Qc1 Rc3 39.Qd2 Qxd2+ 40.Bxd2 Rxe1 41.Kxe1 Rc2  0-1

[Event "III Corporation Cup A"]
[Site "Izhevsk RUS"]
[Date "2011.07.15"]
[Round "1"]
[White "Balashov,Y"]
[Black "Arzamastsev,A"]
[Result "1-0"]
[WhiteElo "2440"]
[BlackElo "2165"]

1.d4 Nf6 2.Nf3 d5 3.c4 c6 4.Nc3 e6 5.e3 Nbd7 6.Be2 Bd6 7.O-O O-O 8.b3 Qe7
9.Qc2 dxc4 10.bxc4 e5 11.Ng5 h6 12.Nge4 Nxe4 13.Nxe4 Nf6 14.Nxd6 Qxd6 15.dxe5 Qxe5
16.Bb2 Qe7 17.Rad1 b6 18.Bf3 Bb7 19.Rd2 Rfd8 20.Rfd1 Rxd2 21.Qxd2 Re8 22.a3 c5
23.Bxf6 gxf6 24.Bxb7 Qxb7 25.f3 Qe7 26.e4 Kg7 27.Qd5 Qe6 28.Kf2 Qxd5 29.Rxd5 Re7
30.Ke3 Rb7 31.Kd3 a6 32.Kc3 Rc7 33.Rd6 Rb7 34.a4 b5 35.Rxa6 b4+ 36.Kc2 b3+
37.Kb2 Rb4 38.Rc6 Rxa4 39.Kxb3 Ra5 40.g4 h5 41.gxh5  1-0

[Event "Opatija Summer Open"]
[Site "Opatija CRO"]
[Date "2011.07.15"]
[Round "5.1"]
[White "Rukavina,J"]
[Black "Golubovic,B"]
[Result "1/2-1/2"]
[WhiteElo "2430"]
[BlackElo "2414"]

1.Nf3 Nf6 2.c4 e6 3.d4 d5 4.Nc3 c6 5.e3 Nbd7 6.Qc2 Bd6 7.b3 O-O 8.Be2 Re8
9.O-O dxc4 10.bxc4 e5 11.a4  1/2-1/2

[Event "31st Benasque Open"]
[Site "Benasque ESP"]
[Date "2011.07.16"]
[Round "10"]
[White "Petrosian,TL"]
[Black "Burg,T"]
[Result "1-0"]
[WhiteElo "2636"]
[BlackElo "2450"]

1.d4 d5 2.c4 c6 3.Nc3 Nf6 4.e3 e6 5.Nf3 Nbd7 6.Qc2 Bd6 7.Bd3 O-O 8.O-O dxc4
9.Bxc4 a6 10.Rd1 b5 11.Be2 Qc7 12.Bd2 Bb7 13.b4 e5 14.a3 Rfd8 15.h3 exd4
16.exd4 Nf8 17.Bd3 Be7 18.Ne4 Ne6 19.Nxf6+ Bxf6 20.Bxh7+ Kh8 21.Be4 Nxd4
22.Nxd4 Rxd4 23.Rac1 Re8 24.Re1 Qd7 25.Bf5 Rxe1+ 26.Rxe1 Qd8 27.Bc3 Rf4 28.Bxf6 gxf6
29.Qc5 Kg7 30.Re3 Rd4 31.Rg3+ Kh6 32.Qc1+ Kh5 33.Bg4+ Kg6 34.Be6+ Kh5 35.Bxf7+ Kh4
36.Qh6+  1-0

[Event "III Corporation Cup A"]
[Site "Izhevsk RUS"]
[Date "2011.07.16"]
[Round "2"]
[White "Tunik,G"]
[Black "Nukin,A"]
[Result "1/2-1/2"]
[WhiteElo "2440"]
[BlackElo "2338"]

1.d4 d5 2.c4 c6 3.Nf3 Nf6 4.Nc3 e6 5.e3 Nbd7 6.Qc2 Bd6 7.Bd3 dxc4 8.Bxc4 b5
9.Bd3 Bb7 10.O-O O-O 11.a3 a6 12.b4 a5 13.Rb1 axb4 14.axb4 Qe7 15.e4 e5 16.Ne2 Bxb4
17.dxe5 Ng4 18.Bf4 c5 19.Bxb5 Ndxe5 20.Nxe5 Nxe5 21.Ng3 Qe6 22.h3 Ra2 23.Qb3 Qxb3
24.Rxb3 Ng6 25.Be3 Rd8 26.Rc1 h5 27.Bc4 Ra3 28.Rxa3 Bxa3 29.Rb1 Rd7 30.f3 Ne5
31.Bb5 Bc6 32.Bxc6 Nxc6 33.Nxh5 c4 34.Nf4 c3 35.Nd5 c2 36.Ra1 Bb2 37.Re1 Ne5
38.Nb4 Rc7 39.f4 Bc3 40.Nxc2 Bxe1 41.Nxe1 Nc4 42.Kf2 f6 43.Nd3 Kf7 44.g4 Nd6
45.e5 Rc3 46.Ke2 Rc2+ 47.Kf3 Rc3 48.Ke2 Rc2+ 49.Kf3 Rc3  1/2-1/2

[Event "Oberwart Open"]
[Site "Oberwart AUT"]
[Date "2011.07.16"]
[Round "8"]
[White "Kummer,Hel"]
[Black "Hansen,Kay"]
[Result "1-0"]
[WhiteElo "2362"]
[BlackElo "2205"]

1.d4 d5 2.c4 c6 3.Nf3 Nf6 4.Nc3 e6 5.e3 Be7 6.Bd3 O-O 7.O-O dxc4 8.Bxc4 b5
9.Bd3 b4 10.Ne4 Ba6 11.Nxf6+ Bxf6 12.a3 Bxd3 13.Qxd3 c5 14.axb4 cxd4 15.Qe4 Nd7
16.Nxd4 Nb6 17.Bd2 Bxd4 18.Qxd4 Qxd4 19.exd4 Nd5 20.Rfc1 Rfd8 21.Rc5 h6 22.Kf1 Rd7
23.Ke2 Rb8 24.b5 Rbb7 25.g3 f5 26.Ra4 Rb6 27.Bf4 Rdb7 28.Ra5 Nxf4+ 29.gxf4 Kf7
30.Kd3 g5 31.fxg5 hxg5 32.Kc4 g4 33.Rc6 Ke7 34.Rc8 Rd6 35.Kc3 Rd5 36.Rh8 Rc7+
37.Kd3 e5 38.Ra4 e4+ 39.Ke3 Rxb5 40.Rh7+ Kd8 41.Rxc7 Kxc7 42.Rc4+ Kd6 43.b4 Rb8
44.Rc5 Rxb4 45.Rxf5 Rb3+ 46.Kxe4 Rh3 47.Kf4 Rxh2 48.Kxg4 Rg2+ 49.Kf3 Rg7
50.Ke4 Kc6 51.f4 Rg1 52.Rf6+ Kb5 53.Rf8 a5 54.f5 Rf1 55.d5 a4 56.Ra8 Kc5
57.Rxa4 Re1+ 58.Kf4 Kxd5 59.Ra6 Kc5 60.Kg5 Rf1 61.Kg6 Kb5 62.Rd6 Kc5 63.Rd8 Rg1+
64.Kf7 Ra1 65.f6 Kc6 66.Kg7 Rg1+ 67.Kf8 Kc7 68.Rd4 Rf1 69.f7 Rf2 70.Kg7 Rg2+
71.Kf6 Rf2+ 72.Ke6 Rf1 73.Rd5  1-0

[Event "3rd International Open"]
[Site "Rethymno GRE"]
[Date "2011.07.16"]
[Round "7"]
[White "Skembris,S"]
[Black "Stavrianakis,I"]
[Result "1/2-1/2"]
[WhiteElo "2475"]
[BlackElo "2270"]

1.c4 Nf6 2.Nf3 e6 3.d4 d5 4.Nc3 c6 5.e3 Nbd7 6.Qc2 Be7 7.b3 O-O 8.Bd3 b6
9.O-O Bb7 10.Bb2 Rc8 11.Rac1 h6 12.Rfd1 Qc7 13.h3 Qb8 14.Qe2 Rfd8 15.e4 dxe4
16.Nxe4 Nxe4 17.Bxe4 Bf6 18.Rc2 c5 19.Bxb7 Qxb7 20.Rcd2 Nf8 21.Ne5 Qc7 22.d5 exd5
23.cxd5 Bxe5 24.Bxe5 Qd7 25.Qf3 Re8 26.Qg3 Ng6 27.Bc3 Rcd8 28.d6 Re4 29.f3 Re3
30.Bb2 Kh7 31.Kf2 Ree8 32.h4 f6 33.h5 Ne5 34.Rd5 Qe6 35.Bxe5 fxe5 36.d7 Re7
37.Rd6 Qf7 38.Qg6+ Kg8 39.Qxf7+ Kxf7 40.Ke3 Re6 41.Ke4 Ke7 42.R6d5 Kf6 43.g4 Re7
44.Rd6+ Kf7 45.a4 Kf8 46.R1d3 Kf7 47.R3d5 Kf8 48.a5 bxa5 49.Rxc5 Rdxd7 50.Rxd7 Rxd7
51.Rxa5 Rb7 52.Ra3 Rb5 53.Kf5 a5 54.Ke6 Ke8 55.Ra4 Rb6+ 56.Kf5 Rf6+ 57.Ke4 Rf4+
58.Kxe5 Rxf3 59.Rxa5 Rxb3 60.Kf5 Rb6  1/2-1/2

[Event "2nd SPI Open"]
[Site "Satu Mare ROU"]
[Date "2011.07.16"]
[Round "3"]
[White "Florescu,C"]
[Black "Sarivan,Ma"]
[Result "1-0"]
[WhiteElo "2266"]
[BlackElo "1893"]

1.d4 d5 2.c4 c6 3.Nf3 Nf6 4.Nc3 e6 5.e3 Be7 6.Qc2 O-O 7.a3 Nbd7 8.e4 dxe4
9.Nxe4 Nxe4 10.Qxe4 Nf6 11.Qc2 b6 12.Be2 Bb7 13.Bf4 c5 14.Rd1 Qc8 15.dxc5 Bxc5
16.b4 Be7 17.O-O a5 18.Qb3 Qc6 19.Rd4 Nh5 20.Be3 Bf6 21.Rg4 g6 22.Nd4 Bxd4
23.Bxd4 Ng7 24.Bf3 Qc7 25.Bxb7 Qxb7 26.Bb2 f6 27.Rd1 axb4 28.axb4 Rac8 29.Rgd4 Qc6
30.b5 Qe8 31.Rd6 Rb8 32.g4 h6 33.Qe3 Kh7 34.Rxb6 e5 35.Rbd6 Ne6 36.Rd7+ Rf7
37.Qa7 Rxd7 38.Qxd7+ Kg8 39.Qxe8+ Rxe8 40.Rd6 Kf7 41.Ba3 Nd4 42.b6 Nb3 43.b7 Na5
44.Rd7+ Kg8 45.Bd6 Nc6 46.Re7  1-0

[Event "Miguel Najdorf Mem op A"]
[Site "Warsaw POL"]
[Date "2011.07.16"]
[Round "3.47"]
[White "Kamieniecki,T"]
[Black "Solnicki,M"]
[Result "0-1"]
[WhiteElo "2009"]
[BlackElo "2118"]

1.d4 d5 2.c4 c6 3.Nc3 Nf6 4.Nf3 e6 5.e3 a6 6.b3 b5 7.Bd2 Nbd7 8.Qc2 Bd6 9.Be2 O-O
10.O-O Re8 11.Rad1 Bb7 12.Rfe1 Qc7 13.Bd3 bxc4 14.bxc4 dxc4 15.Be2 c5 16.g3 cxd4
17.exd4 Qc6 18.Qa4 Qxa4 19.Nxa4 Rec8 20.Ne5 Bxe5 21.dxe5 Nd5 22.Bf3 Bc6 23.Nc3 Nxc3
24.Bxc3 Nxe5 25.Bxc6 Nxc6 26.Re4 Ne7 27.Rg4 Nf5 28.h4 h5 29.Rf4 Rab8 30.g4 hxg4
31.Rxg4 Kf8 32.h5 f6 33.Rd7 Rb1+ 34.Kg2 Rb5 35.h6 Nxh6 36.Rgxg7 Rg5+ 37.Rxg5 fxg5
38.Ra7 Nf5 39.Rxa6 Ke7 40.Kf3 Rd8 41.Ke4 Rd3 42.Ra7+ Kd6 43.Be5+ Kc5 44.Rc7+ Kb5
45.Rb7+ Ka5 46.Rc7 Rd1 47.Bc3+ Kb6 48.Rh7 Rd3 49.Bf6 g4 50.a4 Rd2 51.Kf4 Rxf2+
52.Kxg4 Ne3+ 53.Kg5 Rg2+ 54.Kh5 Rh2+ 55.Kg6 Rxh7 56.Kxh7 Ka5 57.Kg7 Ng4 58.Ba1 Kxa4
59.Kg6 Kb3 60.Kg5 c3 61.Kxg4 c2  0-1

[Event "SPA Open A"]
[Site "Amsterdam NED"]
[Date "2011.07.17"]
[Round "9"]
[White "Horvath,Cs1"]
[Black "Adhiban,B"]
[Result "0-1"]
[WhiteElo "2517"]
[BlackElo "2542"]

1.d4 d5 2.c4 c6 3.Nc3 Nf6 4.e3 e6 5.Nf3 Nbd7 6.Bd3 dxc4 7.Bxc4 b5 8.Bd3 Bd6
9.Bd2 Bb7 10.Rc1 Rc8 11.Ng5 Be7 12.O-O O-O 13.Qc2 h6 14.Nh7 Nxh7 15.Bxh7+ Kh8
16.Be4 Qb6 17.Qb1 c5 18.Bxb7 Qxb7 19.dxc5 Nxc5 20.Rfd1 b4 21.Ne2 Rfd8 22.Be1 a5
23.a3 Rxd1 24.Rxd1 Bf6 25.axb4 axb4 26.Rc1 b3 27.Bc3 e5 28.Ng3 Na4 29.Qe4 Qa6
30.Qb4 Nxc3 31.Rxc3 Rxc3 32.Qxc3 Qa1+ 33.Nf1 Qd1 34.Qc8+ Kh7 35.Qf5+ Kg8
36.Qc8+ Bd8 37.e4 g6 38.g3 Kg7 39.Qb8 Bf6 40.Kg2 Qc2 41.Ne3 Qxe4+ 42.Kg1 Qb1+
43.Kg2 Qxb2 44.Nc4 Qc3 45.Nd6 Qc6+ 46.f3 b2  0-1

[Event "TCh-Euro Open Girls"]
[Site "Iasi ROU"]
[Date "2011.07.17"]
[Round "3.2"]
[White "Foisor,M"]
[Black "Varga,Me"]
[Result "1-0"]
[WhiteElo "2217"]
[BlackElo "2152"]

1.d4 d5 2.c4 c6 3.e3 Nf6 4.Nc3 e6 5.Nf3 Nbd7 6.Qc2 Bd6 7.Be2 O-O 8.O-O dxc4
9.Bxc4 b5 10.Be2 Bb7 11.Rd1 Qc7 12.e4 e5 13.dxe5 Nxe5 14.Nd4 Ned7 15.g3 Bc5
16.Be3 Rfe8 17.a3 a6 18.Nf5 Bxe3 19.Nxe3 Nc5 20.Bf3 Rad8 21.Bg2 Ne6 22.f4 Nd4
23.Qf2 c5 24.e5 Nd7 25.Rac1 Qb8 26.b4 Qa7 27.Ne4 c4 28.Nd6 Bxg2 29.Kxg2 Nb3
30.Rc3 Re6 31.Nd5 Qxf2+ 32.Kxf2 Nb8 33.Nxb5 axb5 34.Ne7+ Kf8 35.Rxd8+ Kxe7
36.Rxb8 Nd2 37.Rb7+ Ke8 38.Rc2 Nb3 39.Rxb5 Rc6 40.Rb7 Nd4 41.Rc3  1-0

[Event "Oberwart Open"]
[Site "Oberwart AUT"]
[Date "2011.07.17"]
[Round "9"]
[White "Liedl,W"]
[Black "Pallitsch,C"]
[Result "1-0"]
[WhiteElo "2213"]
[BlackElo "2067"]

1.d4 d5 2.c4 e6 3.Nf3 Nf6 4.Nc3 c6 5.e3 Nbd7 6.Qc2 Bd6 7.Bd3 O-O 8.O-O dxc4
9.Bxc4 e5 10.h3 exd4 11.exd4 h6 12.Qg6 Ne8 13.Bxh6 Qf6 14.Qxf6 Nexf6 15.Bg5 Nb6
16.Bb3 Bf5 17.Rfe1 Rfe8 18.Ne5 Nfd5 19.Nc4 Nxc4 20.Bxc4 Nb6 21.Bb3 Kf8 22.Rad1 f6
23.Bd2 Rad8 24.Rxe8+ Rxe8 25.f4 c5 26.Nb5 Be7 27.Rc1 Rd8 28.Be3 c4 29.Bd1 Nd5
30.Kf2 a6 31.Nc3 Nb4 32.Be2 b5 33.g4 Nd3+ 34.Bxd3 Bxd3 35.f5 g6 36.fxg6 Bxg6
37.Ne2 Kf7 38.Kf3 f5 39.Nf4 Bg5 40.Nxg6 Kxg6 41.gxf5+ Kxf5 42.Bxg5 Kxg5 43.Ke4 Kh4
44.d5 Re8+ 45.Kf5 Re2 46.Rb1 b4 47.d6 a5 48.d7 Rd2 49.Ke6 a4 50.Ke7 Re2+
51.Kd6  1-0

[Event "3rd International Open"]
[Site "Rethymno GRE"]
[Date "2011.07.17"]
[Round "8"]
[White "Stavrianakis,I"]
[Black "Kalofonos,P"]
[Result "1-0"]
[WhiteElo "2270"]
[BlackElo "1713"]

1.d4 d5 2.c4 e6 3.Nc3 c6 4.Nf3 Nf6 5.e3 Nbd7 6.Qc2 Bd6 7.b3 O-O 8.Bd3 e5
9.dxe5 Nxe5 10.Nxe5 Bxe5 11.Bb2 d4 12.exd4 Bxd4 13.O-O-O Qb6 14.Kb1 Qa5 15.h3 g6
16.g4 Rd8 17.f4 a6 18.f5 b5 19.fxg6 fxg6 20.Bxg6 hxg6 21.Qxg6+ Kh8 22.Rxd4  1-0

[Event "3rd International Open"]
[Site "Rethymno GRE"]
[Date "2011.07.17"]
[Round "8"]
[White "Balokas,D2"]
[Black "Guempel,V"]
[Result "1-0"]
[WhiteElo "2060"]
[BlackElo "2267"]

1.d4 d5 2.c4 c6 3.Nf3 Nf6 4.Nc3 e6 5.e3 Nbd7 6.Bd3 dxc4 7.Bxc4 b5 8.Bd3 Bb7
9.O-O a6 10.a4 b4 11.Ne4 c5 12.Nxf6+ Nxf6 13.Qe2 Qb6 14.Rd1 Be7 15.dxc5 Bxc5
16.h3 Rd8 17.b3 O-O 18.Bb2 Ne4 19.a5 Qc6 20.Rac1 Ng5 21.Bd4 Rd5 22.h4 Nxf3+
23.Qxf3 Qd7 24.Rxc5 Rxd4 25.Bxh7+ Kh8 26.Rxd4 Qxd4 27.Qh5 Qa1+ 28.Bb1+  1-0

[Event "2nd Vaujany Open A"]
[Site "Vaujany FRA"]
[Date "2011.07.17"]
[Round "4.17"]
[White "Kovacs,Laj2"]
[Black "Deleva,Ma"]
[Result "1-0"]
[WhiteElo "2225"]
[BlackElo "1982"]

1.d4 Nf6 2.c4 e6 3.Nf3 d5 4.Nc3 c6 5.e3 a6 6.a4 c5 7.cxd5 exd5 8.g3 Nc6 9.Bg2 Be7
10.O-O O-O 11.h3 c4 12.Bd2 Nb4 13.Ne5 Bf5 14.Qf3 Be4 15.Nxe4 Nxe4 16.Bxb4 Bxb4  1-0

[Event "16th Balaguer Open"]
[Site "Balaguer ESP"]
[Date "2011.07.18"]
[Round "2"]
[White "Bedoya Ribo,J"]
[Black "Flotats Ardiaca,Sergi"]
[Result "1-0"]
[WhiteElo "1915"]
[BlackElo "1640"]

1.d4 d5 2.c4 c6 3.Nc3 Nf6 4.Nf3 e6 5.e3 Nbd7 6.Bd3 dxc4 7.Bxc4 b5 8.Bd3 Bb7
9.O-O Be7 10.e4 a6 11.e5 Nd5 12.Nxd5 cxd5 13.Be3 O-O 14.Rc1 h6 15.Nd2 f5
16.f4 Rc8 17.Rxc8 Qxc8 18.g4 Qe8 19.gxf5 exf5 20.Qf3 Qg6+ 21.Kh1 Nb6 22.Rc1 Ba8
23.Qg3 Qe6 24.Kg1 Nc4 25.b3 Nxe3 26.Qxe3 Bc6 27.Nf1 h5 28.Qh3 g6 29.Ne3 Kg7
30.Kf2 Bd7 31.Rg1 Kh7 32.Be2 Qf7 33.Qg2 Be6 34.Rc1 Bd8 35.Rc6 Qd7 36.Rxa6 Re8
37.Qf1 Qc7 38.Bxb5 Bh4+ 39.Kf3 Bd7 40.Bxd7 Qxd7 41.Qg2 Re6 42.Rxe6 Qxe6 43.Qc2 Qa6
44.a4 Qa5 45.Qc1 Qb4 46.Qc7+ Kh6 47.a5 Qe1 48.Qc2 Qxa5 49.Qc6 Qe1 50.Nxf5+ Kh7
51.Qd7+  1-0

[Event "13th Sant Marti Open"]
[Site "Barcelona ESP"]
[Date "2011.07.18"]
[Round "6"]
[White "Cruz,F"]
[Black "Obon Temprano,S"]
[Result "1-0"]
[WhiteElo "2406"]
[BlackElo "2255"]

1.d4 d5 2.c4 c6 3.Nc3 Nf6 4.e3 e6 5.Nf3 Nbd7 6.Qc2 Bd6 7.b3 O-O 8.Bb2 Qe7
9.Be2 e5 10.dxe5 Nxe5 11.cxd5 cxd5 12.Rd1 Be6 13.O-O Rac8 14.Qd2 Rfd8 15.Nb5 Nxf3+
16.Bxf3 Bb8 17.Rc1 Rxc1 18.Rxc1 Ne4 19.Qe2 Qh4 20.g3 Qh6 21.Nd4 Ng5 22.Bg4 Re8
23.Qb5 Rf8 24.Nxe6 fxe6 25.Ba3 Ne4 26.Bxf8 Nxg3 27.Qe8  1-0

[Event "III Corporation Cup A"]
[Site "Izhevsk RUS"]
[Date "2011.07.18"]
[Round "4"]
[White "Murzin,L"]
[Black "Kozionov,Kirill"]
[Result "0-1"]
[WhiteElo "2158"]
[BlackElo "2228"]

1.d4 d5 2.Nf3 Nf6 3.c4 e6 4.Nc3 c6 5.e3 Nbd7 6.Qc2 Be7 7.Bd3 dxc4 8.Bxc4 b5
9.Be2 Bb7 10.a3 a6 11.b4 Qc7 12.Bb2 Bd6 13.O-O O-O 14.Rac1 Rac8 15.Qb3 Qb8
16.Rfd1 Rfe8 17.h3 h6 18.Rd2 e5 19.dxe5 Nxe5 20.Rcd1 Nxf3+ 21.Bxf3 Be5 22.Ne2 Bxb2
23.Qxb2 c5 24.Bxb7 Qxb7 25.bxc5 Rxc5 26.Rd8 Qe7 27.Rxe8+ Nxe8 28.Nf4 Nf6
29.Rd3 Qc7 30.Qd4 Kh7 31.Qd6 Rc1+ 32.Kh2 Qc2 33.Rd2 Qb1 34.Qd3+ Ne4 35.Qxb1 Rxb1
36.Ra2 Nc3 37.Rc2 Rb3 38.Nd3 Rxa3 39.h4 a5 40.h5 b4 41.Ne5 Ra2  0-1

[Event "III Corporation Cup A"]
[Site "Izhevsk RUS"]
[Date "2011.07.18"]
[Round "4"]
[White "Aleksandrov,A"]
[Black "Smirnov,Alexey"]
[Result "1-0"]
[WhiteElo "2609"]
[BlackElo "2415"]

1.d4 d5 2.c4 c6 3.Nc3 Nf6 4.e3 e6 5.Nf3 Nbd7 6.Qc2 Bd6 7.g4 h6 8.Rg1 e5 9.h4 e4
10.Nd2 O-O 11.g5 hxg5 12.hxg5 Nh7 13.f4 exf3 14.Nxf3 Re8 15.cxd5 cxd5 16.g6 fxg6
17.Qxg6 Qe7 18.Nxd5  1-0

[Event "Poznan Summer Open"]
[Site "Poznan POL"]
[Date "2011.07.18"]
[Round "3.9"]
[White "Bartkowiak,D"]
[Black "Simon,Mare"]
[Result "1/2-1/2"]
[WhiteElo "2123"]
[BlackElo "1819"]

1.d4 Nf6 2.c4 e6 3.Nf3 d5 4.Nc3 c6 5.e3 Bd6 6.Qc2 Nbd7 7.Be2 O-O 8.O-O dxc4
9.Bxc4 b5 10.Bd3 Bb7 11.Rd1 Qe7 12.e4 e5 13.d5 a6 14.dxc6 Bxc6 15.Nh4 g6
16.Bg5 Nc5 17.b4 Nxd3 18.Rxd3 h6 19.Bxh6 Rfc8 20.Bg5 Bxe4 21.Nxe4 Rxc2 22.Nxf6+ Kg7
23.Nh5+ gxh5 24.Nf5+ Kf8 25.Bh6+ Kg8 26.Rg3+ Kh7 27.Rg7+ Kh8 28.Nxe7 Bxe7
29.Rxf7 Bxb4 30.Rd1 Rxa2 31.h4 Bc3 32.Bg7+ Kg8 33.Rdd7 b4 34.Bf6 e4 35.Rg7+ Kf8
36.Rdf7+ Ke8 37.Rc7 Kf8 38.Bxc3 bxc3 39.Rh7 Kg8 40.Rxh5 c2 41.Rhc5 a5 42.Rxc2 Rxc2
43.Rxc2 a4 44.Kf1 a3 45.Ra2 Kf7 46.Ke2 Ke6 47.Kd2 Kf5 48.Kc3 Kg4 49.Kb4 Kxh4
50.Rxa3 Rf8 51.Ra2 Rg8 52.Kc4 Rxg2 53.Kd4 Kg4  1/2-1/2

[Event "Poznan Summer Open"]
[Site "Poznan POL"]
[Date "2011.07.18"]
[Round "3.13"]
[White "Palasz,K"]
[Black "Gorniewicz,O"]
[Result "0-1"]
[WhiteElo "1734"]
[BlackElo "1914"]

1.Nf3 Nf6 2.d4 d5 3.c4 c6 4.Nc3 e6 5.e3 Nbd7 6.cxd5 exd5 7.Bd3 Bd6 8.Rb1 O-O
9.h3 Re8 10.O-O Ne4 11.Nd2 f5 12.Qc2 Qg5 13.Nf3 Qh6 14.Nh2 g5 15.Nxe4 fxe4
16.Be2 Nf6 17.Qd1 Bxh3 18.g3 Bxf1 19.Qxf1 Qg6 20.Qh3 h5 21.g4 Bxh2+ 22.Kxh2 Nxg4+
23.Bxg4 hxg4 24.Qxg4 Rf8 25.Kg2 Qf6 26.Qg3 Qf3+ 27.Qxf3 Rxf3 28.Bd2 Raf8
29.Rf1 R8f6 30.Bb4 Kf7 31.a4 Ke6 32.Be1 Rh6 33.Rg1 Rfh3 34.b4 Kf5 35.Kf1 Rh1
36.Bd2 Rxg1+ 37.Kxg1 Kg4 38.Kg2 b6 39.Bc3 Rh7 40.Bd2 a5 41.bxa5 bxa5 42.Bxa5 Ra7
43.Bb6 Rxa4 44.Bc5 Ra5 45.Bd6 Ra7 46.Bb4 Ra2 47.Bd6 Rc2 48.Bf8 Kf5 49.Be7 g4
50.Kg3 Rc1 51.Kh2 g3+ 52.Kxg3 Rg1+ 53.Kh2 Rg6 54.Bc5 Ke6 55.Ba7  0-1

[Event "ch-SWE Master Elite"]
[Site "Vasteras SWE"]
[Date "2011.07.18"]
[Round "3.2"]
[White "Hillarp Persson,T"]
[Black "Hector,J"]
[Result "1/2-1/2"]
[WhiteElo "2547"]
[BlackElo "2568"]

1.Nf3 d5 2.c4 c6 3.e3 Nf6 4.Nc3 e6 5.d4 Nbd7 6.Bd3 dxc4 7.Bxc4 b5 8.Bd3 a6
9.e4 c5 10.e5 cxd4 11.Nxb5 Ng4 12.Qa4 Bb7 13.Nbxd4 Qb6 14.O-O Bc5 15.h3 Bxf3
16.hxg4 Bd5 17.Nf3 Qb7 18.Qf4 O-O 19.Qh2 f5 20.exf6 Nxf6 21.g5 Ne4 22.Qh4 g6
23.Be3 Bxe3 24.fxe3 Nc5 25.Bc4 Qxb2 26.Bxd5 exd5 27.Rac1 Ne6 28.Rc6 Ng7 29.Qd4 Qxa2
30.Ra1 Qb3 31.Rb6 Qc4 32.Qxc4 dxc4 33.Rbxa6 Rxa6 34.Rxa6 Rc8 35.Kf2 c3 36.Ra1 Ne6
37.Ke2 Nc5 38.Nd4 Ne4 39.Kd3 Nxg5 40.Rc1 h5  1/2-1/2

[Event "XXIX Andorra Open"]
[Site "Arinsal AND"]
[Date "2011.07.19"]
[Round "4.3"]
[White "Arizmendi Martinez,J"]
[Black "Rodriguez Guerrero,E"]
[Result "1/2-1/2"]
[WhiteElo "2555"]
[BlackElo "2449"]

1.d4 d5 2.c4 c6 3.Nf3 Nf6 4.Nc3 e6 5.e3 Nbd7 6.Qc2 Bd6 7.Be2 O-O 8.O-O dxc4
9.Bxc4 a6 10.a4 c5 11.Rd1 cxd4 12.exd4 Qc7 13.Qe2 Re8 14.Bg5 h6 15.Bh4 b6
16.Rac1 Bb7 17.Bg3 Bxg3 18.hxg3 Qd6 19.Bd3 Qb4 20.Ne5 Rac8 21.Bxa6 Bxa6 22.Qxa6 Qxb2
23.Nxd7 Nxd7 24.Qb5 Qxb5 25.Nxb5 Nf6 26.Nd6 Rxc1 27.Rxc1 Rd8 28.Rc8 Rxc8
29.Nxc8 Nd5 30.Kf1 Kf8 31.Ke1 Ke8 32.Nd6+ Kd7 33.Nc4 f6 34.Kd2 Kc6 35.g4 Nc7
36.Kd3 Na6 37.Ne3 e5 38.Nf5 Kd5 39.Ne3+ Kc6 40.Nf5 Kd5 41.Ne3+ Kc6  1/2-1/2

[Event "16th Balaguer Open"]
[Site "Balaguer ESP"]
[Date "2011.07.19"]
[Round "3"]
[White "Moradiabadi,E"]
[Black "Fernandez Cardoso,A"]
[Result "1/2-1/2"]
[WhiteElo "2532"]
[BlackElo "2450"]

1.d4 d5 2.c4 c6 3.Nc3 Nf6 4.e3 e6 5.Nf3 Nbd7 6.Bd3 dxc4 7.Bxc4 b5 8.Bd3 Bd6
9.O-O O-O 10.Qc2 Bb7 11.a3 a6 12.b4 a5 13.Rb1 axb4 14.axb4 Qe7 15.e4 e5 16.Ne2 Rfe8
17.Ng3 g6 18.Bg5 Ra4 19.Nh4 Qe6 20.d5 cxd5 21.Bxb5 Raa8 22.Bxf6 Qxf6 23.Bxd7 Red8
24.Bc6 Bxc6 25.Qxc6 Qxh4 26.Qxd5 Bxb4 27.Qxe5 Bd6 28.Qd5 Bf4 29.Qb3 Rd2 30.Rbd1  1/2-1/2

[Event "13th Sant Marti Open"]
[Site "Barcelona ESP"]
[Date "2011.07.19"]
[Round "7"]
[White "Gonzalez Garcia,J2"]
[Black "Cruz,F"]
[Result "1/2-1/2"]
[WhiteElo "2522"]
[BlackElo "2406"]

1.d4 d5 2.c4 e6 3.Nf3 Nf6 4.Nc3 c6 5.e3 a6 6.Bd3 dxc4 7.Bxc4 b5 8.Bb3 c5
9.O-O Bb7 10.e4 cxd4 11.Nxd4 Nbd7 12.Re1 Ne5 13.Bf4 Ng6 14.Be3 Bb4 15.f3 O-O
16.Qe2 Qe7 17.Red1 Bc5 18.Qf2 Rac8 19.Nde2 Ne5 20.Bxc5 Rxc5 21.Rd4 Nfd7 22.Rad1 Nb6
23.Rd6 Qc7 24.Qd4 Bc8 25.Rd8 Nec4 26.Rxf8+ Kxf8 27.Nb1 Rc6 28.Bxc4 Nxc4 29.Qc3 Qb6+
30.Kh1 Qf2 31.Qb4+ Ke8 32.Nbc3 Ne3 33.Rg1 Rc4 34.Qd6 b4 35.b3 bxc3 36.bxc4 Qxe2
37.Qc7 Bd7 38.Qb8+ Ke7 39.Qb4+ Ke8 40.Qb8+ Ke7 41.Qb4+ Ke8 42.Qb8+  1/2-1/2